LEADER 01258nam a22002771 4500
001 c000362036
003 CARM
005 00000000000000.0
008 851113s1953 ctu 0 eng d
019 1 |a 4144384  |5 LACONCORD2021 
035 |a (OCoLC)359197  |5 LACONCORD2021 
100 1 |a Feuillerat, Albert. 
245 1 4 |a The composition of Shakespeare's plays :  |b authorship, chronology. 
260 |a New Haven :  |b Yale U.P.,  |c 1953. 
500 |a An analysis of Titus Andronicus, Henry Vi, pts.2 and 3, Richard Ii, Richard Iii, Romeo and Juliet. 
600 1 0 |a Shakespeare, William,  |d 1564-1616  |x Authorship. 
600 1 0 |a Shakespeare, William,  |d 1564-1616  |x Chronology. 
600 1 0 |a Shakespeare, William,  |d 1564-1616.  |t King Henry VI 
600 1 0 |a Shakespeare, William,  |d 1564-1616.  |t Titus Andronicus. 
600 1 0 |a Shakespeare, William,  |d 1564-1616.  |t King Richard II. 
600 1 0 |a Shakespeare, William,  |d 1564-1616.  |t King Richard III. 
600 1 0 |a Shakespeare, William,  |d 1564-1616.  |t Romeo and Juliet. 
852 8 |b CARM  |h A1:AM35C0  |i C10268  |p 0439798  |f BK 
082 0 4 |a 822.33-E 
999 f f |i 8c842251-1e89-57e4-a6ce-73ee81360e4b  |s fecf9c75-1024-5385-819b-2542cd100552 
952 f f |p Can circulate  |a CAVAL  |b CAVAL  |c CAVAL  |d CARM 1 Store  |e C10268  |f A1:AM35C0  |h Other scheme  |i book  |m 0439798